Sociology of India/ (Record no. 199502)

MARC details
000 -LEADER
fixed length control field 00843nam a22002177a 4500
005 - DATE AND TIME OF LATEST TRANSACTION
control field 20240321113449.0
008 - FIXED-LENGTH DATA ELEMENTS--GENERAL INFORMATION
fixed length control field 110317t xxu||||| |||| 00| 0 eng d
010 ## - LCCN (DPL NO)
LC control number B-755919-924 ENG-139858
020 ## - INTERNATIONAL STANDARD BOOK NUMBER
International Standard Book Number 9789390473236
Terms of availability 575.00
035 ## - SYSTEM CONTROL NUMBER
System control number B-755919-924
035 ## - SYSTEM CONTROL NUMBER
System control number EN-123390
037 ## - SOURCE OF ACQUISITION
Source of stock number/acquisition Academic Aspirations
082 ## - DEWEY DECIMAL CLASSIFICATION NUMBER
Classification number 301.09454
100 1# - MAIN ENTRY--PERSONAL NAME
9 (RLIN) 26630
Personal name Dawolkar, Sudhir
245 10 - TITLE STATEMENT
Title Sociology of India/
Statement of responsibility, etc By - Sudhir Dawolkar
260 ## - PUBLICATION, DISTRIBUTION, ETC. (IMPRINT)
Place of publication, distribution, etc New Delhi
Name of publisher, distributor, etc Academic Aspirations
Date of publication, distribution, etc 2022
270 ## - ADDRESS
Address 4740/23, Ansari Road, Darya Ganj,
City New Delhi
Postal code 110002
300 ## - PHYSICAL DESCRIPTION
Extent viii, 320p.
Dimensions 23cm (pbk)
942 ## - ADDED ENTRY ELEMENTS (KOHA)
Source of classification or shelving scheme Dewey Decimal Classification
Item type English Books
Call number suffix DAW
Classification part 301.0954
Holdings
Withdrawn status Lost status Source of classification or shelving scheme Damaged status Not for loan Collection code Home library Current library Date acquired Source of acquisition Cost, normal purchase price Total Checkouts Total Renewals Full call number Barcode Date last seen Copy number Cost, replacement price Koha item type
    Dewey Decimal Classification     Non-fiction Ashok Vihar Ashok Vihar 27/12/2023 Academic Aspirations/IN-00172/24.11.23/24/23.11.23/1.12.23 575.00 1 2 DAW 301.0954 B-755921 13/09/2025 3 575.00 English Books
    Dewey Decimal Classification     Non-fiction Bawana Bawana 21/03/2024 DBAD 575.00     DAW 301.0954 EN-123390 21/03/2024 1 595.00 English Books
    Dewey Decimal Classification     Non-fiction Central Library Central Library 27/12/2023 Academic Aspirations/IN-00172/24.11.23/24/23.11.23/1.12.23 575.00 3 2 DAW 301.0954 B-755919 12/02/2026 1 575.00 English Books
    Dewey Decimal Classification     Non-fiction Mobile Library Mobile Library 27/12/2023 Academic Aspirations/IN-00172/24.11.23/24/23.11.23/1.12.23 575.00     DAW 301.0954 B-755920 27/12/2023 2 575.00 English Books
    Dewey Decimal Classification     Non-fiction Patel Nagar Patel Nagar 27/12/2023 Academic Aspirations/IN-00172/24.11.23/24/23.11.23/1.12.23 575.00     DAW 301.0954 B-755922 27/12/2023 4 575.00 English Books
    Dewey Decimal Classification     Non-fiction Sarojini Nagar Sarojini Nagar 27/12/2023 Academic Aspirations/IN-00172/24.11.23/24/23.11.23/1.12.23 575.00 1   DAW 301.0954 B-755923 26/07/2024 5 575.00 English Books
    Dewey Decimal Classification     Non-fiction Shahdara Branch Shahdara Branch 27/12/2023 Academic Aspirations/IN-00172/24.11.23/24/23.11.23/1.12.23 575.00 1   DAW 301.0954 B-755924 01/07/2024 6 575.00 English Books

© Delhi Public Library
Hit Counter
free hit counter